[Event "Open B"]
[Site "?"]
[Date "2008.08.24"]
[Round "3.3"]
[White "Pospisil, P."]
[Black "Rihova, K."]
[Result "0-1"]
[WhiteElo "1717"]
[BlackElo "1649"]
[PlyCount "88"]
[EventDate "2008.08.22"]
[SourceDate "2008.08.24"]

1. d4 d5 2. c4 e6 3. Nf3 c6 4. cxd5 exd5 5. Nc3 Bf5 6. Bg5 Qb6 7. Qb3 Qxb3 8.
axb3 Bd6 9. e3 Nd7 10. Be2 Bc2 11. Nd2 Bg6 12. Rc1 Ngf6 13. O-O O-O 14. Bh4
Rfe8 15. Rfe1 a6 16. Bg3 Bxg3 17. hxg3 Nb6 18. Na4 Nxa4 19. bxa4 Ne4 20. Nxe4
Bxe4 21. a5 Re7 22. Rc3 Rb8 23. Rec1 Rc8 24. b4 Bf5 25. b5 axb5 26. Bxb5 Ra8
27. Bxc6 bxc6 28. Rxc6 Rea7 29. f3 g6 30. g4 Be6 31. R6c5 Rxa5 32. Rxa5 Rxa5
33. Rc3 Kf8 34. Kf2 Ra2+ 35. Kg3 h6 36. f4 Ke7 37. Rc1 Ra3 38. Kf3 h5 39. g5
Bg4+ 40. Kf2 Ra2+ 41. Kg3 Ra3 42. Re1 Ke6 43. Kh4 Ra2 44. Kg3 Re2 0-1

[Event "Open B"]
[Site "?"]
[Date "2008.08.24"]
[Round "3.4"]
[White "Blumel, M."]
[Black "Fojtu, T."]
[Result "1-0"]
[WhiteElo "1675"]
[BlackElo "1603"]
[PlyCount "41"]
[EventDate "2008.08.22"]
[SourceDate "2008.08.24"]

1. e4 d6 2. d4 Nf6 3. Nc3 g6 4. Nf3 Bg7 5. a3 a6 6. Be3 b5 7. h3 O-O 8. Qd2 Ne8
9. Bh6 f5 10. Bxg7 Kxg7 11. O-O-O e6 12. h4 Nf6 13. e5 Nh5 14. Ne2 f4 15. d5
dxe5 16. Nxe5 Rf5 17. Qc3 Kg8 18. dxe6 Qe7 19. Ng4 Qg7 20. Rd8+ Rf8 21. e7 1-0

[Event "OPEN B"]
[Site "?"]
[Date "2008.08.24"]
[Round "3"]
[White "Starychfojtu, J."]
[Black "Klima"]
[Result "0-1"]
[WhiteElo "1533"]
[BlackElo "1667"]
[PlyCount "93"]
[EventDate "2008.08.23"]
[SourceDate "2008.08.24"]

1. e4 c5 2. Nf3 d6 3. Bb5+ Bd7 4. Bxd7+ Nxd7 5. O-O Ngf6 6. d3 g6 7. Bg5 Bg7 8.
c3 O-O 9. Qd2 c4 10. Re1 cxd3 11. Nd4 Qb6 12. Be3 Nxe4 13. Qxd3 Nec5 14. Qc2
Ne5 15. Nb3 Qc7 16. Na3 a6 17. Rad1 Ng4 18. Bf4 e5 19. Bg3 b5 20. h3 Nh6 21.
Qd2 Rad8 22. Nc2 f5 23. Nb4 Ne4 24. Qd5+ Kh8 25. Rxe4 fxe4 26. Qxe4 Nf5 27. Bh2
Ne7 28. Nd2 d5 29. Qg4 Qb6 30. Rf1 Nf5 31. Kh1 d4 32. Nf3 d3 33. Nxe5 Ne3 34.
Qh4 Nxf1 35. Nbc6 Nxh2 36. Nxg6+ Kg8 37. Nge7+ Kf7 38. Qh5+ Ke6 39. Kxh2 Qc7+
40. Kg1 Qf4 41. Nxd8+ Kxe7 42. Nc6+ Kd7 43. Qd5+ Kc7 44. Qc5 Qd6 45. Qa7+ Kxc6
46. Qxa6+ Kc7 47. Qxb5 0-1

[Event "Open B"]
[Site "?"]
[Date "2008.08.24"]
[Round "3.6"]
[White "Hrdina, R."]
[Black "Mejzlik, J."]
[Result "1-0"]
[WhiteElo "1624"]
[BlackElo "1451"]
[PlyCount "33"]
[EventDate "2008.08.22"]
[SourceDate "2008.08.24"]

1. e4 d6 2. d4 Nf6 3. Nc3 g6 4. f4 Bg7 5. Nf3 O-O 6. Be3 a6 7. Bc4 b5 8. Bb3
Bb7 9. Qd3 d5 10. Nxd5 Nxd5 11. O-O Nxe3 12. Qxe3 Nd7 13. c3 Rc8 14. f5 c5 15.
fxg6 hxg6 16. Ng5 c4 17. Qh3 1-0

[Event "OPEN B"]
[Site "?"]
[Date "2008.08.24"]
[Round "3.7"]
[White "Skvaril, M."]
[Black "Krejci, M."]
[Result "1/2-1/2"]
[WhiteElo "1250"]
[BlackElo "1438"]
[PlyCount "40"]
[EventDate "2008.08.23"]
[SourceDate "2008.08.24"]

1. e4 e5 2. Nf3 Nc6 3. Nc3 Nf6 4. Bb5 Bc5 5. Nxe5 Bxf2+ 6. Kxf2 Nxe5 7. h3 a6
8. Be2 d6 9. Rf1 O-O 10. Kg1 h6 11. d3 c5 12. Be3 Nc6 13. Qd2 Nd4 14. Bd1 Be6
15. Ne2 Nc6 16. Ng3 Ne5 17. Be2 b5 18. Rf2 Nh7 19. Nf5 Bxf5 20. Rxf5 Ra7
1/2-1/2

[Event "OPEN B"]
[Site "?"]
[Date "2008.08.24"]
[Round "3.8"]
[White "Kudrna, J."]
[Black "Starek, S."]
[Result "1-0"]
[WhiteElo "1000"]
[BlackElo "1250"]
[PlyCount "85"]
[EventDate "2008.08.23"]
[SourceDate "2008.08.24"]

1. d4 d5 2. e3 c5 3. c3 e6 4. Be2 Nc6 5. a3 Qb6 6. f4 Bd6 7. Nf3 Nf6 8. O-O O-O
9. Bd3 Na5 10. Bc2 Nc4 11. b3 Na5 12. Re1 Qa6 13. Bb2 b5 14. dxc5 Bxc5 15. b4
Nc4 16. Bc1 Bb6 17. Qd3 g6 18. Ne5 Nxe5 19. fxe5 Ng4 20. Kh1 Nxe5 21. Qe2 Bd7
22. e4 Nc4 23. Nd2 Ne3 24. Nf3 Nxc2 25. Qxc2 Rac8 26. Qb2 Bc6 27. exd5 Bxd5 28.
Bh6 Bxf3 29. gxf3 Rfd8 30. Red1 Qb7 31. Rxd8+ Rxd8 32. Kg2 Qd5 33. c4 Qd4 34.
Qxd4 Rxd4 35. cxb5 Rh4 36. Bg5 Rh5 37. Bf6 Rxb5 38. Rc1 Bc7 39. Rxc7 Rb8 40.
Rxa7 h5 41. Rd7 Kh7 42. Rd8 Rxd8 43. Bxd8 1-0

[Event "Open B"]
[Site "?"]
[Date "2008.08.24"]
[Round "3.9"]
[White "Hatas, R."]
[Black "Silhanek, J."]
[Result "1-0"]
[WhiteElo "1564"]
[BlackElo "1763"]
[PlyCount "91"]
[EventDate "2008.08.22"]
[SourceDate "2008.08.24"]

1. e4 c5 2. Nc3 e6 3. g3 d6 4. Bg2 Nc6 5. d3 g6 6. f4 Bg7 7. Nf3 Nge7 8. O-O
O-O 9. Be3 a6 10. Qd2 b5 11. e5 f5 12. d4 c4 13. d5 exd5 14. Nxd5 Bb7 15. Ng5
dxe5 16. Ne6 Qd6 17. Nf6+ Rxf6 18. Qxd6 Rd8 19. Qc5 Rxe6 20. Bxc6 Bxc6 21. c3
Be4 22. Qc7 Re8 23. Rfe1 Nd5 24. Qa5 Bh6 25. Rad1 Nxe3 26. Rxe3 exf4 27. gxf4
Bxf4 28. Ree1 Bb8 29. Rd7 Bd6 30. h3 Bc5+ 31. Kh2 Rd6 32. Rd1 Bb6 33. Qb4 Rxd1
34. Rxd1 Bc7+ 35. Kg1 Bb6+ 36. Kh2 Bc7+ 37. Kg1 Bb6+ 38. Kf1 Bd3+ 39. Kg2 Re2+
40. Kf3 Rf2+ 41. Kg3 f4+ 42. Kg4 Be2+ 43. Kg5 Bxd1 44. Qd6 Be3 45. Qd8+ Kf7 46.
Qd7+ 1-0

[Event "OPEN B"]
[Site "?"]
[Date "2008.08.24"]
[Round "3.10"]
[White "Hatas, O."]
[Black "Brhlik, A."]
[Result "0-1"]
[WhiteElo "1437"]
[BlackElo "1682"]
[PlyCount "38"]
[EventDate "2008.08.23"]
[SourceDate "2008.08.24"]

1. e4 c5 2. Nf3 Nc6 3. d4 cxd4 4. Nxd4 Nf6 5. Nc3 e5 6. Nf3 Bb4 7. Bd2 O-O 8.
Bc4 d6 9. a3 Bxc3 10. Bxc3 Nxe4 11. Bd2 Bg4 12. Bd5 Nxd2 13. Qxd2 Ne7 14. O-O
Nxd5 15. Qxd5 Qc7 16. h3 Be6 17. Qe4 f5 18. Qb4 Rac8 19. Nxe5 a5 0-1

[Event "Open B"]
[Site "?"]
[Date "2008.08.24"]
[Round "3.11"]
[White "Mates, M."]
[Black "Riha, F."]
[Result "1-0"]
[WhiteElo "1661"]
[BlackElo "1469"]
[Annotator ",Jaroslav"]
[PlyCount "54"]
[EventDate "2008.08.23"]
[SourceDate "2008.08.24"]

1. Nf3 Nc6 2. d4 e6 3. g3 d5 4. Bg2 Nf6 5. c3 Be7 6. Qc2 h6 7. h3 O-O 8. Nbd2
Nd7 9. O-O e5 10. dxe5 Ndxe5 11. Rd1 Qe8 12. Nf1 Be6 13. Bf4 Bd6 14. Nxe5 Nxe5
15. Ne3 c6 16. Nf5 Bxf5 17. Qxf5 Qe6 18. Qc2 Rad8 19. Kh2 Bc5 20. Bxe5 Qxe5 21.
e3 Rfe8 22. a4 Re6 23. b4 Bb6 24. a5 Bc7 25. a6 b6 26. Rd3 Rg6 27. f4 Qf6 {
Dale necitelne} 1-0

[Event "OPEN B"]
[Site "?"]
[Date "2008.08.24"]
[Round "3.12"]
[White "Psenicka, T."]
[Black "Krizek, F."]
[Result "1/2-1/2"]
[WhiteElo "1641"]
[BlackElo "1432"]
[PlyCount "52"]
[EventDate "2008.08.23"]
[SourceDate "2008.08.24"]

1. d4 e6 2. Nf3 d6 3. c4 h6 4. e4 Nf6 5. Nc3 Be7 6. Be2 b6 7. O-O Bb7 8. d5 Qc8
9. Nd4 c5 10. Nc2 e5 11. f4 Nbd7 12. Ne3 g6 13. f5 g5 14. Ng4 a6 15. a3 Nxg4
16. Bxg4 Nf6 17. Bh5 Qd7 18. b4 Rc8 19. b5 axb5 20. cxb5 Qc7 21. Be3 Kd7 22.
Bxf7 Kd8 23. Be6 Rb8 24. a4 Bf8 25. Rf3 Bc8 26. Rg3 Bd7 1/2-1/2

[Event "OPEN B"]
[Site "?"]
[Date "2008.08.24"]
[Round "3.13"]
[White "Franc, O."]
[Black "Vinecky, J."]
[Result "1-0"]
[WhiteElo "1598"]
[BlackElo "1427"]
[PlyCount "82"]
[EventDate "2008.08.23"]
[SourceDate "2008.08.24"]

1. d4 d5 2. c4 e6 3. e3 Nf6 4. Nf3 b6 5. Nc3 Bb7 6. Be2 c5 7. cxd5 Nxd5 8. O-O
a6 9. Bd2 Be7 10. Nxd5 exd5 11. Bc3 O-O 12. Rc1 c4 13. b3 b5 14. a4 b4 15. Be1
c3 16. Qc2 a5 17. Bd3 g6 18. Bb5 f5 19. Ne5 Bd6 20. Nd3 Qe7 21. Qe2 Nd7 22. f4
Nf6 23. Bh4 Qg7 24. Bxf6 Qxf6 25. g3 Kh8 26. Qf2 Rad8 27. Rfd1 Rg8 28. Rc2 g5
29. Kh1 g4 30. Re1 Rg7 31. Rce2 h5 32. Qg1 Rh7 33. Nf2 h4 34. Nd3 Be7 35. Nf2
hxg3 36. Qxg3 Qd6 37. Nd3 Bh4 38. Qg1 Rg8 39. Rg2 g3 40. Ne5 Qf6 41. Nf3 gxh2
1-0

[Event "Open B"]
[Site "?"]
[Date "2008.08.24"]
[Round "3"]
[White "Kutil, P."]
[Black "Vorisek, M."]
[Result "0-1"]
[WhiteElo "1409"]
[BlackElo "1587"]
[PlyCount "71"]
[EventDate "2008.08.23"]
[SourceDate "2008.08.24"]

1. e4 c6 2. d3 d5 3. exd5 cxd5 4. Nc3 Nc6 5. Nf3 Nf6 6. Bg5 e6 7. Bxf6 Qxf6 8.
Be2 a6 9. a3 Bd6 10. O-O O-O 11. Qd2 Bf4 12. Qe1 Ne5 13. Nxe5 Bxe5 14. Bf3 Bd7
15. Rb1 Rac8 16. Qe3 d4 17. Ne4 dxe3 18. Nxf6+ Bxf6 19. fxe3 Rxc2 20. Bxb7 Rb8
21. Bxa6 Rbxb2 22. Rxb2 Bxb2 23. Rb1 Rc1+ 24. Rxc1 Bxc1 25. Kf2 Kf8 26. Kf3
Bc6+ 27. e4 Ke7 28. Bc4 Kd6 29. d4 Bxa3 30. Kf4 Bb2 31. Ke3 Kc7 32. g3 Kb6 33.
h4 Bb5 34. Bb3 Ka5 35. d5 exd5 36. Bxd5 0-1

[Event "Open B"]
[Site "?"]
[Date "2008.08.24"]
[Round "3.15"]
[White "Lorenc, D."]
[Black "Kotka, T."]
[Result "1/2-1/2"]
[WhiteElo "1513"]
[BlackElo "1400"]
[PlyCount "26"]
[EventDate "2008.08.23"]
[SourceDate "2008.08.24"]

1. e4 e5 2. Nf3 Nc6 3. Nc3 Nf6 4. d4 exd4 5. Nd5 Bb4+ 6. Bd2 Bxd2+ 7. Qxd2 O-O
8. Bd3 Re8 9. O-O d6 10. Qf4 Nxd5 11. exd5 Ne5 12. Bb5 Ng6 13. Qxd4 Bd7 1/2-1/2

[Event "Open B"]
[Site "?"]
[Date "2008.08.24"]
[Round "3.16"]
[White "Nguyenova, A."]
[Black "Soltys, R."]
[Result "0-1"]
[WhiteElo "1366"]
[BlackElo "1568"]
[PlyCount "106"]
[EventDate "2008.08.23"]
[SourceDate "2008.08.24"]

1. Nf3 Nf6 2. g3 b6 3. Bg2 Bb7 4. d3 d5 5. c4 dxc4 6. Qa4+ Nbd7 7. Qxc4 e6 8.
b3 Be7 9. Bb2 O-O 10. Nbd2 c5 11. O-O Qc7 12. Rac1 Rac8 13. d4 Bd5 14. Qc2 Qb8
15. dxc5 Bxc5 16. Qb1 Rfe8 17. e4 Bb7 18. e5 Ng4 19. Ng5 g6 20. Bxb7 Qxb7 21.
Nge4 Be7 22. Rxc8 Rxc8 23. Nc4 Rd8 24. f4 Nc5 25. Ned6 Qc6 26. b4 Nb7 27. b5
Qc5+ 28. Kh1 Nxd6 29. Nxd6 Bxd6 30. exd6 Qd5+ 31. Kg1 Rxd6 32. Rc1 Rd8 33. Ba1
Qd2 34. Qb2 Qxb2 35. Bxb2 Ne3 36. Be5 Nd5 37. Kg2 f6 38. Bb2 Kf7 39. Kf3 Rd7
40. Rd1 Rc7 41. a4 Rc4 42. Rd4 Rc2 43. Ba1 Ke7 44. h4 Ra2 45. Rd1 Rxa4 46. Rb1
Ra3+ 47. Kf2 Nc3 48. Bxc3 Rxc3 49. Ra1 Rc7 50. Ke3 h5 51. Kd4 Rd7+ 52. Kc4 e5
53. Re1 Ke6 0-1

[Event "OPEN B"]
[Site "?"]
[Date "2008.08.24"]
[Round "3.17"]
[White "Franek"]
[Black "Janouchova, M."]
[Result "1-0"]
[WhiteElo "1250"]
[BlackElo "1543"]
[PlyCount "99"]
[EventDate "2008.08.23"]
[SourceDate "2008.08.24"]

1. e4 Nf6 2. e5 Nd5 3. d4 d6 4. c4 Nb6 5. f4 dxe5 6. fxe5 c5 7. d5 e6 8. d6
Qh4+ 9. Ke2 Qxc4+ 10. Ke1 Qe4+ 11. Qe2 Qxe2+ 12. Bxe2 Nc6 13. Nf3 Nd7 14. Bf4
g6 15. Bb5 Nb4 16. Na3 Bg7 17. Rf1 a6 18. Bxd7+ Bxd7 19. Kd2 Nd5 20. Bg3 Bh6+
21. Ke2 Bc6 22. Nc4 Bb5 23. b3 Bxc4+ 24. bxc4 Ne3 25. Rf2 Nxc4 26. Bh4 Ne3 27.
Ng5 Bxg5 28. Bxg5 Ng4 29. Rf4 h5 30. Rd1 f6 31. exf6 Ne5 32. Re4 Nf7 33. Rxe6+
Kd8 34. Bf4 g5 35. Be3 Rc8 36. Re7 Rf8 37. Bd2 Rc6 38. Bc3 Re8 39. Rb1 b6 40.
Rxb6 Rxb6 41. Ba5 Rxe7+ 42. dxe7+ Kd7 43. Bxb6 c4 44. Be3 g4 45. Bf4 Nh8 46.
Kd2 Ng6 47. Bg3 h4 48. Bd6 Nh8 49. Kc3 Nf7 50. Bf4 1-0

[Event "Open B"]
[Site "?"]
[Date "2008.08.24"]
[Round "3.18"]
[White "Soltysova, A."]
[Black "Zadnik, S."]
[Result "1-0"]
[WhiteElo "1543"]
[BlackElo "1250"]
[PlyCount "85"]
[EventDate "2008.08.22"]
[SourceDate "2008.08.24"]

1. d4 d5 2. c4 c6 3. Nc3 Nf6 4. Nf3 Be6 5. c5 g6 6. Bf4 Nbd7 7. e3 Bg7 8. Bd3
b6 9. b4 bxc5 10. bxc5 Qa5 11. Qd2 O-O 12. O-O Bg4 13. Ne2 Qxd2 14. Nxd2 Rfe8
15. f3 Be6 16. Ba6 Nf8 17. Bb7 Bd7 18. Bxa8 Rxa8 19. Rab1 Bf5 20. Rb7 Bd3 21.
Re1 e6 22. Nb3 a5 23. Rb8 Ra6 24. a4 N6d7 25. Rb7 f6 26. Bd6 Bh6 27. Kf2 e5 28.
Bxf8 Nxf8 29. Rb6 Nd7 30. Rxa6 Bxa6 31. Nxa5 exd4 32. exd4 Bd2 33. Nxc6 Bxe1+
34. Kxe1 Kf7 35. Nc3 Bc4 36. Nb4 Ke6 37. a5 Nb8 38. c6 Kd6 39. c7 Kxc7 40.
Ncxd5+ Kd6 41. Nxf6 h6 42. Ng4 g5 43. Ne5 1-0

[Event "Open B"]
[Site "?"]
[Date "2008.08.24"]
[Round "3.19"]
[White "Brezinova, J."]
[Black "Kocir, V."]
[Result "1-0"]
[WhiteElo "1496"]
[BlackElo "1275"]
[PlyCount "69"]
[EventDate "2008.08.22"]
[SourceDate "2008.08.24"]

1. e4 e5 2. Nc3 Nf6 3. Nf3 Nc6 4. h3 d5 5. Bb5 Bc5 6. Nxe5 Qd6 7. Nxc6 bxc6 8.
Be2 dxe4 9. Bc4 Be6 10. Bxe6 Qxe6 11. Qe2 O-O 12. O-O Rfe8 13. Re1 Rad8 14. b3
Bd4 15. Bb2 h6 16. Rab1 Rd7 17. Na4 Qd5 18. Rbd1 Bxb2 19. Nxb2 Qe5 20. Nc4 Qd5
21. Qe3 g5 22. Qxa7 Nh5 23. Qe3 f5 24. d3 f4 25. Qe2 Nf6 26. dxe4 Rxe4 27. Rxd5
Rxe2 28. Rxg5+ hxg5 29. Rxe2 Rd1+ 30. Kh2 g4 31. Ne5 g3+ 32. fxg3 fxg3+ 33.
Kxg3 Nh5+ 34. Kh2 Nf4 35. Rf2 1-0

[Event "OPEN B"]
[Site "?"]
[Date "2008.08.24"]
[Round "3.20"]
[White "Rathousky, J."]
[Black "Skalicky, T."]
[Result "0-1"]
[WhiteElo "1250"]
[BlackElo "1493"]
[PlyCount "76"]
[EventDate "2008.08.23"]
[SourceDate "2008.08.24"]

1. e4 c6 2. Nc3 d5 3. exd5 cxd5 4. d4 Nf6 5. Bg5 e6 6. Nf3 Be7 7. Bd3 Nc6 8.
Qd2 h6 9. Bf4 Bb4 10. a3 Ba5 11. b4 Bb6 12. O-O Bd7 13. Nb5 O-O 14. a4 a6 15.
Nd6 Bc8 16. Nxc8 Qxc8 17. Bxh6 Nxd4 18. Qg5 Nh5 19. Qxh5 Nxf3+ 20. gxf3 gxh6
21. Qxh6 f5 22. Kh1 Kf7 23. Rfe1 Rh8 24. Qf4 Bc7 25. Re5 Bxe5 26. Qxe5 Qd7 27.
Rg1 Rag8 28. Rxg8 Rxg8 29. b5 a5 30. h3 Ke7 31. Bxf5 Qd6 32. Qxd6+ Kxd6 33. Bg4
Rc8 34. h4 Rxc2 35. Kg2 Ra2 36. h5 Rxa4 37. h6 Rc4 38. Kh3 a4 0-1

[Event "Open B"]
[Site "?"]
[Date "2008.08.24"]
[Round "3.71"]
[White "Sochurek, P."]
[Black "Puchold, M."]
[Result "1-0"]
[WhiteElo "1451"]
[BlackElo "1000"]
[Annotator ",Jaroslav"]
[PlyCount "60"]
[EventDate "2008.08.23"]
[SourceDate "2008.08.24"]

1. d4 Nf6 2. c4 e6 3. Bg5 Be7 4. Nc3 b6 5. Nf3 O-O 6. e3 Bb7 7. Be2 c5 8. O-O
d6 9. Qc2 Nc6 10. dxc5 bxc5 11. Rad1 Nb4 12. Qb3 Qc7 13. h3 Bc6 14. Rd2 a5 15.
Nh2 d5 16. Qd1 dxc4 17. Bxc4 Rfd8 18. a3 Rxd2 19. Qxd2 Rd8 20. Qe2 Nbd5 21.
Nxd5 Bxd5 22. Rd1 Bxc4 23. Rxd8+ Bxd8 24. Qxc4 Be7 25. Nf3 Kf8 26. Qc2 h6 27.
Bh4 Ke8 28. Qc3 Kf8 29. Nd2 Nd5 30. Bxe7+ Nxe7 {Dale necitelne} 1-0

[Event "Open B"]
[Site "?"]
[Date "2008.08.24"]
[Round "3.22"]
[White "Soltysova, P."]
[Black "hatasova, M."]
[Result "0-1"]
[WhiteElo "1257"]
[BlackElo "1347"]
[PlyCount "61"]
[EventDate "2008.08.23"]
[SourceDate "2008.08.24"]

1. e4 e5 2. Nf3 Nc6 3. Bc4 Nf6 4. Nc3 Nxe4 5. Nxe4 d5 6. Bxd5 Qxd5 7. Nc3 Qd8
8. d3 Bg4 9. O-O Bd6 10. h3 Bh5 11. Be3 O-O 12. Re1 Re8 13. a3 f5 14. Bd2 Nd4
15. b4 Nxf3+ 16. gxf3 Qh4 17. Re3 f4 18. Re4 Qxh3 19. Qf1 Qxf1+ 20. Kxf1 Bxf3
21. Ree1 Re6 22. Ne4 Rh6 23. Ng3 fxg3 24. fxg3 Rh2 25. g4 Rxd2 26. Rac1 Bxg4
27. Kg1 c5 28. Re3 Be2 29. Kg2 Bxd3+ 30. Kg3 e4+ 31. Kg4 0-1

[Event "OPEN B"]
[Site "?"]
[Date "2008.08.24"]
[Round "3.23"]
[White "Filip, L."]
[Black "Studzinski, B."]
[Result "0-1"]
[WhiteElo "1250"]
[BlackElo "1000"]
[PlyCount "90"]
[EventDate "2008.08.23"]
[SourceDate "2008.08.24"]

1. e4 d6 2. d4 Nf6 3. Nc3 g6 4. Bg5 Bg7 5. Bxf6 Bxf6 6. h3 O-O 7. Nf3 Nd7 8.
Bc4 e6 9. O-O b6 10. d5 Ne5 11. Nxe5 Bxe5 12. Qf3 Bd7 13. Rab1 Rc8 14. Bb5 c6
15. dxc6 Bxc6 16. Bxc6 Rxc6 17. Rfe1 a6 18. Rbd1 b5 19. a3 Qb6 20. Rd3 a5 21.
b4 axb4 22. axb4 Rfc8 23. Na2 Rxc2 24. g3 Rxa2 25. Re2 Rcc2 26. Rxc2 Rxc2 27.
Re3 Qd4 28. Rd3 Qxb4 29. Kg2 Qc5 30. h4 b4 31. Re3 Bd4 32. Re2 Rxe2 33. Qxe2
Qb6 34. Qd1 b3 35. Qb1 b2 36. f4 Bg1 37. Kh3 Qf2 38. Kg4 Bh2 39. Kg5 Qxg3+ 40.
Kf6 Qxf4+ 41. Ke7 Qe5 42. Qe1 Bg3 43. Qb1 d5 44. Qc2 Qc7+ 45. Qxc7 Bxc7 0-1

[Event "Open B"]
[Site "?"]
[Date "2008.08.24"]
[Round "3.24"]
[White "KozeL, P."]
[Black "Fojtu, J."]
[Result "1-0"]
[WhiteElo "1250"]
[BlackElo "1250"]
[PlyCount "53"]
[EventDate "2008.08.22"]
[SourceDate "2008.08.24"]

1. e4 e5 2. Nf3 Nc6 3. Bc4 Bc5 4. d3 d6 5. Ng5 Nh6 6. Nc3 Qe7 7. Nf3 Bd7 8.
Bxh6 gxh6 9. O-O O-O-O 10. h3 Rhg8 11. Kh2 Rg7 12. Nd5 Qf8 13. Qd2 Be6 14. c3
Na5 15. b4 Nxc4 16. dxc4 Bb6 17. a4 c6 18. Nxb6+ axb6 19. Qe2 f5 20. a5 bxa5
21. Rxa5 Kc7 22. c5 dxc5 23. Rxc5 Qf7 24. Nxe5 Qf6 25. b5 Kb6 26. Qe3 f4 27.
Rxc6+ 1-0

[Event "Open B"]
[Site "?"]
[Date "2008.08.24"]
[Round "3.25"]
[White "Studnicka, P."]
[Black "Silhavy, J."]
[Result "1-0"]
[WhiteElo "1250"]
[BlackElo "1633"]
[Annotator ",Jaroslav"]
[PlyCount "51"]
[EventDate "2008.08.23"]
[SourceDate "2008.08.24"]

1. Nf3 Nf6 2. d4 g6 3. c3 Bg7 4. g3 O-O 5. e3 d6 6. Bg2 Nbd7 7. Nbd2 Re8 8. O-O
e5 9. dxe5 Nxe5 10. Nxe5 dxe5 11. Nf3 Nd7 12. e4 Qe7 13. Bg5 f6 14. Qd5+ Kh8
15. Be3 c6 16. Qd2 b6 17. Rfd1 Bf8 18. g4 Nc5 19. Bxc5 Qxc5 20. a3 Bxg4 21. h3
Bxf3 22. Bxf3 Qe7 23. Bg4 Rad8 24. Qe2 Rxd1+ 25. Rxd1 c5 26. Rd7 $3 1-0

[Event "Open B"]
[Site "?"]
[Date "2008.08.24"]
[Round "3.26"]
[White "Sadil, J."]
[Black "Mala, A."]
[Result "0-1"]
[WhiteElo "1423"]
[BlackElo "1000"]
[PlyCount "58"]
[EventDate "2008.08.23"]
[SourceDate "2008.08.24"]

1. e4 e5 2. Nf3 Nc6 3. Bb5 a6 4. Bxc6 dxc6 5. d3 Bg4 6. h3 Bxf3 7. Qxf3 Bc5 8.
O-O h6 9. Nc3 Qe7 10. Be3 Bxe3 11. Qxe3 Nf6 12. d4 O-O 13. dxe5 Qxe5 14. Rad1
Rfe8 15. Rfe1 b5 16. a3 a5 17. Qd4 Qxd4 18. Rxd4 c5 19. Rd2 b4 20. axb4 cxb4
21. Nb5 Rxe4 22. Rxe4 Nxe4 23. Rd4 c6 24. Rxe4 cxb5 25. b3 Rc8 26. Re2 a4 27.
Kf1 a3 28. c3 bxc3 29. Rc2 a2 0-1

[Event "OPEN B"]
[Site "?"]
[Date "2008.08.24"]
[Round "3.27"]
[White "Pycha, P."]
[Black "Pychova, N."]
[Result "1/2-1/2"]
[WhiteElo "1312"]
[BlackElo "1250"]
[PlyCount "65"]
[EventDate "2008.08.23"]
[SourceDate "2008.08.24"]

1. e4 e5 2. Nf3 Nf6 3. Nc3 Nc6 4. Bc4 Bc5 5. d3 d6 6. h3 h6 7. O-O O-O 8. a3 a6
9. Qe2 Nh7 10. Be3 Ba7 11. Bxa7 Rxa7 12. Nh2 Re8 13. f4 exf4 14. Rxf4 Be6 15.
Bd5 Ne7 16. Bxe6 fxe6 17. Raf1 Nc6 18. R4f2 Ra8 19. Qg4 Ne5 20. Qg3 Qe7 21. Ng4
Nxg4 22. Qxg4 Nf6 23. Qg3 Nd7 24. Ne2 Nc5 25. b3 Rf8 26. Nf4 Qd7 27. Ng6 Rxf2
28. Rxf2 Re8 29. Rf3 e5 30. Rf5 Qe6 31. Qg4 Qc8 32. Qh4 Qd8 33. Qg4 1/2-1/2

[Event "Open B"]
[Site "?"]
[Date "????.??.??"]
[Round "3.28"]
[White "Jirousek, F."]
[Black "Rut, V."]
[Result "0-1"]
[WhiteElo "1250"]
[BlackElo "1250"]
[PlyCount "50"]
[EventDate "2008.08.22"]
[SourceDate "2008.08.24"]

1. e4 e5 2. Nf3 Nc6 3. Bc4 Nf6 4. d3 Bc5 5. O-O d6 6. h3 Nd4 7. Nxd4 Bxd4 8. c3
Bb6 9. Bg5 h6 10. Bxf6 Qxf6 11. b4 O-O 12. a4 a6 13. Nd2 Be6 14. Bxe6 fxe6 15.
Nf3 d5 16. exd5 exd5 17. Ra2 Rad8 18. Re2 e4 19. Ne1 Qxc3 20. dxe4 dxe4 21. Qb1
e3 22. Qa2+ Kh8 23. f3 Rd2 24. Rxd2 exd2+ 25. Kh2 dxe1=Q 0-1

[Event "Open B"]
[Site "?"]
[Date "????.??.??"]
[Round "3.29"]
[White "Mullerova"]
[Black "Filip, V."]
[Result "0-1"]
[WhiteElo "1250"]
[BlackElo "1100"]
[Annotator "Øeøábek,Jaroslav"]
[PlyCount "77"]
[EventDate "2008.08.22"]
[SourceDate "2008.08.24"]

1. e4 d5 2. d3 dxe4 3. dxe4 Qxd1+ 4. Kxd1 e5 5. h3 g6 6. Nf3 Nc6 7. Bb5 Bd7 8.
Nc3 Bd6 9. Ke2 Nf6 10. Bg5 Be7 11. Bxc6 Bxc6 12. Nxe5 Nxe4 13. Bxe7 Nxc3+ 14.
bxc3 Kxe7 15. Nxc6+ bxc6 16. Rhe1 Kf8 17. Kf1 Kg7 18. Rab1 Rab8 19. Rxb8 Rxb8
20. a3 Rb2 21. Re2 Ra2 22. Re7 Rxc2 23. Rxc7 Rxc3 24. Rxa7 Rc2 25. a4 c5 26. a5
c4 27. a6 Ra2 28. Ke1 c3 29. Rc7 c2 30. Kd2 Rxa6 31. Rxc2 Re6 32. f3 f5 33. Kd3
h5 34. Rc4 Kf6 35. g4 fxg4 36. hxg4 hxg4 37. fxg4 Kg5 38. Kd2 Re5 39. Rb4 {
dale necitelne} 0-1

[Event "Open A"]
[Site "?"]
[Date "2008.08.25"]
[Round "4.1"]
[White "Vokac, M."]
[Black "Taborsky, R."]
[Result "1-0"]
[WhiteElo "2451"]
[BlackElo "2282"]
[PlyCount "73"]
[EventDate "2008.??.??"]
[SourceDate "2008.08.25"]

1. e4 c5 2. Nc3 Nc6 3. g3 g6 4. Bg2 Bg7 5. d3 d6 6. Be3 Rb8 7. Qd2 b5 8. f4 b4
9. Nd1 e6 10. Ne2 Nd4 11. Nc1 Ne7 12. O-O O-O 13. c3 bxc3 14. bxc3 Nec6 15. Ne2
Qb6 16. Rc1 Bd7 17. Bf2 Rfd8 18. g4 f5 19. gxf5 exf5 20. Ne3 Re8 21. Ng3 Qd8
22. exf5 Nxf5 23. Nexf5 gxf5 24. d4 cxd4 25. cxd4 Na5 26. Nh5 Bh8 27. Rfe1
Rxe1+ 28. Qxe1 Qe8 29. Qxa5 Qxh5 30. Qxa7 Qe8 31. Re1 Qd8 32. Bd5+ Kf8 33. Bh4
Qb6 34. Be7+ Kg7 35. Qxb6 Rxb6 36. Kf2 Be8 37. Bf6+ 1-0

[Event "OPEN A"]
[Site "?"]
[Date "2008.??.??"]
[Round "4.2"]
[White "Studnicka, T."]
[Black "Stastny, J."]
[Result "1-0"]
[WhiteElo "2300"]
[BlackElo "2217"]
[PlyCount "127"]
[EventDate "2008.??.??"]

1. d4 b6 2. e4 Bb7 3. Nd2 e6 4. Ngf3 c5 5. c3 Nf6 6. Bd3 d5 7. e5 Nfd7 8. Qe2
cxd4 9. cxd4 Qc8 10. O-O Ba6 11. Ne1 Bxd3 12. Qxd3 Qa6 13. Qe3 Nc6 14. Nb3 g6
15. f4 h5 16. Nf3 Nb4 17. Rf2 Rc8 18. Qe2 Qxe2 19. Rxe2 Bh6 20. g3 Nb8 21. Bd2
N4c6 22. Kf2 Kd7 23. Re3 a5 24. Nc1 Ne7 25. Ne2 Nf5 26. Rc3 Rxc3 27. bxc3 Rc8
28. h3 Rc4 29. g4 hxg4 30. hxg4 Ne7 31. Rh1 Bf8 32. Rh7 Ke8 33. Ng5 Rc7 34.
Nxf7 Nec6 35. Ng5 Rxh7 36. Nxh7 Be7 37. f5 gxf5 38. gxf5 exf5 39. Nf4 Kf7 40.
Nxd5 Kg6 41. Nhf6 Bxf6 42. Nxf6 b5 43. Ke3 a4 44. Nd5 Na6 45. a3 Kf7 46. Kf4
Ke6 47. Ne3 Ne7 48. d5+ Nxd5+ 49. Nxd5 Kxd5 50. Kxf5 Nc5 51. Be3 Ne6 52. Bb6
Ng7+ 53. Kg6 Ne6 54. Kf6 Nf4 55. Bc7 Ne6 56. Bd6 Nf4 57. Ke7 Ne6 58. Kd7 Nf4
59. Kc7 Ne6+ 60. Kb6 Kc4 61. Bb4 Nf4 62. Kc6 Nd5 63. e6 Nf6 64. e7 1-0

[Event "Open A"]
[Site "?"]
[Date "2008.08.25"]
[Round "4.3"]
[White "Hadzala, D."]
[Black "Vojta, T."]
[Result "0-1"]
[WhiteElo "2099"]
[BlackElo "2411"]
[PlyCount "80"]
[EventDate "2008.??.??"]
[SourceDate "2008.08.25"]

1. Nf3 Nf6 2. g3 d5 3. Bg2 c6 4. O-O Bf5 5. d3 h6 6. Nbd2 e6 7. Qe1 Bc5 8. e4
Bh7 9. Qe2 O-O 10. e5 Nfd7 11. Re1 a5 12. Nf1 a4 13. a3 Re8 14. h4 Bf8 15. N1h2
c5 16. h5 Nc6 17. g4 Be7 18. Bf4 b5 19. Qd2 b4 20. Bh3 bxa3 21. bxa3 Qa5 22.
Qc1 Nd4 23. Nxd4 cxd4 24. g5 hxg5 25. Bxg5 Bf8 26. h6 Kh8 27. Qd1 gxh6 28. Bd2
Qd8 29. Qf3 Bg6 30. Ng4 Kh7 31. Rab1 h5 32. Nf6+ Nxf6 33. Bg5 Bxa3 34. Kg2 Rg8
35. exf6 Qc7 36. Bf5 exf5 37. Rh1 Rh8 38. Rxh5+ Bxh5 39. Qxh5+ Kg8 40. Bh6 Qf4
0-1